=LDR 00000nam 2200000 4500 =001 INLIS000000000041201 =005 20200819091711 =035 ##$$a 0010-061300000041201 =008 200819################g##########0#ind## =041 ##$$a ind =082 ##$$a 2X7.3 =090 ##$$a 2x7.3, Gul p =100 ##$$a Gulen, M. Fethullah =245 1#$$a Pendidikan agama pada anak /$c M. Fethullah Gulen; Penerjemah, Farida Inayati =260 ##$$a Jakarta :$b Gramedia,$c 2007 =300 ##$$a ix, 44 hlm : $b Ilus ; $c 21 x 14 cm =650 #4$$a Pendidikan Agama Islam =850 ##$$a NBPNMAT =020 ##$$a 979-22-2384-3 =084 ##$$a 2X7.3 GUL p =990 ##$$a 21113233 =990 ##$$a 21113234 =990 ##$$a 21113235